00563nam a22001697a 4500003000900000008004100009040007100050082001500121100002000136245006200156260002900218300002800247440005400275505002900329650001700358650001800375AR-CdUCM190527b ||||| |||| 00| 0 spa d aMUNICIPALIDAD PROVINCIAL DEL CUSCOcBIBLIOTECA MUNICIPAL DEL CUSCO a462 /bC79 aCorominas, Joan aBreve diccionario etimológico de la lengua castellana / aMadrid :bGredos,c1967. a627 páginas ;c25 cm. aBiblioteca Románica HispánicanV diccionarios aContenido : Diccionario. aDiccionario  aEtimológico